All busy on the western front (Record no. 79511)
[ view plain ]
| 000 -LEADER | |
|---|---|
| fixed length control field | 00913cab a22002055a 4500 |
| 001 - CONTROL NUMBER | |
| control field | L141491 |
| 008 - FIXED-LENGTH DATA ELEMENTS--GENERAL INFORMATION | |
| fixed length control field | 071127e20071121xxkd f s 000 0 eng d |
| 035 ## - SYSTEM CONTROL NUMBER | |
| System control number | (Sirsi) u141491 |
| 041 0# - LANGUAGE CODE | |
| Language code of text/sound track or separate title | eng |
| 100 1# - MAIN ENTRY--PERSONAL NAME | |
| Personal name | Watson, Kathy |
| 245 00 - TITLE STATEMENT | |
| Title | All busy on the western front |
| 260 ## - PUBLICATION, DISTRIBUTION, ETC. | |
| Date of publication, distribution, etc. | 2007 |
| 490 #0 - SERIES STATEMENT | |
| Series statement | Building |
| Volume/sequential designation | 440(6652) 21 November 2007, 15-17(3) |
| 520 ## - SUMMARY, ETC. | |
| Summary, etc. | Highlights the challenges and opportunities facing contractors in the West Midlands and provides an overview of the region's construction market. Construction output in the West Midlands is forecast to increase by 1.6% a year from 2007 to 2011, with private commercial and infrastructure being the strongest sectors. Construction employment is expected to reach 248 000 by 2011, a 7% increase on 2007. |
| 590 ## - LOCAL NOTE (RLIN) | |
| Local note | KA |
| 651 #4 - SUBJECT ADDED ENTRY--GEOGRAPHIC NAME | |
| Geographic name | West Midlands |
| 690 ## - LOCAL SUBJECT ADDED ENTRY--TOPICAL TERM (OCLC, RLIN) | |
| Topical term or geographic name as entry element | BUILT ENVIRONMENT-CONSTRUCTION MARKET |
| 700 1# - ADDED ENTRY--PERSONAL NAME | |
| Personal name | Sergeant, Amanda |
| 942 ## - ADDED ENTRY ELEMENTS (KOHA) | |
| Suppress in OPAC | 0 |
| Withdrawn status | Lost status | Source of classification or shelving scheme | Damaged status | Not for loan | Home library | Current library | Shelving location | Date acquired | Total Checkouts | Full call number | Barcode | Date last seen | Copy number | Price effective from | Koha item type |
|---|---|---|---|---|---|---|---|---|---|---|---|---|---|---|---|
| Dewey Decimal Classification | London | London | Journal article | 27/11/2007 | L141491 | 141491-1001 | 06/08/2019 | 1 | 06/08/2019 | Journal article |